000 00589nam a2200205 a 4500
001 12226
003 CO-ViMGA
008 141112s2004 ck r 000 u spa d
020 _a968880732x
040 _aCO-ViMGA
_bspa
_cCO-ViMGA
082 0 4 _a150.13 M12a
100 1 _aMcCay, James
_917371
245 1 0 _aAdministracion del tiempo
260 _aMexico,
_cPrentice Hall,
_c1996
300 _a173 p. + 1 disk
590 _aPrecio : 32.000 - - Fecha de adquisición : Ag. 23, 2000
650 1 4 _aTIEMPO - PSICOLOGIA INDUSTRIAL
_917372
650 1 4 _aUSO DEL TIEMPO
_917373
942 _2ddc
_cBK
999 _c23240
_d23240